<?xml version='1.0' encoding='UTF-8'?>
  <record xmlns="http://www.loc.gov/MARC21/slim">
    <leader>00000ctc a2200000 i 4500</leader>
    <controlfield tag="001">on1043913439</controlfield>
    <controlfield tag="003">OCoLC</controlfield>
    <controlfield tag="005">20250926134749.3</controlfield>
    <controlfield tag="008">180712k15871621ne            000 0cdut d</controlfield>
    <datafield tag="040" ind1=" " ind2=" ">
      <subfield code="a">QGJ</subfield>
      <subfield code="b">eng</subfield>
      <subfield code="e">rda</subfield>
      <subfield code="c">QGJ</subfield>
      <subfield code="d">OCLCQ</subfield>
      <subfield code="d">OCLCO</subfield>
      <subfield code="d">OCLCL</subfield>
    </datafield>
    <datafield tag="035" ind1=" " ind2=" ">
      <subfield code="a">(OCoLC)1043913439</subfield>
    </datafield>
    <datafield tag="041" ind1="0" ind2=" ">
      <subfield code="a">dut</subfield>
      <subfield code="a">lat</subfield>
    </datafield>
    <datafield tag="100" ind1="1" ind2=" ">
      <subfield code="a">Buchell, Arend van,</subfield>
      <subfield code="d">1565-1641,</subfield>
      <subfield code="e">author.</subfield>
      <subfield code="4">aut</subfield>
      <subfield code="1">https://id.oclc.org/worldcat/entity/E39PBJvt97kGgrhYc6wBHv6BT3</subfield>
    </datafield>
    <datafield tag="242" ind1="1" ind2="0">
      <subfield code="a">Loose items concerning Van Buchell and his family.</subfield>
      <subfield code="y">eng</subfield>
    </datafield>
    <datafield tag="245" ind1="1" ind2="0">
      <subfield code="a">Stukken betreffende Arent van Buchel (Arn. Buchelius) en leden zijner familie /</subfield>
      <subfield code="c">Arn. Buchelius,</subfield>
      <subfield code="f">UBU Hs. 1324 (Hs 6 F 11).</subfield>
    </datafield>
    <datafield tag="264" ind1=" " ind2="0">
      <subfield code="a">[Utrecht] ;</subfield>
      <subfield code="a">[Cologne],</subfield>
      <subfield code="c">1587-1621.</subfield>
    </datafield>
    <datafield tag="300" ind1=" " ind2=" ">
      <subfield code="a">1 portfolio (12 items) ;</subfield>
      <subfield code="c">325 x 210 mm</subfield>
    </datafield>
    <datafield tag="336" ind1=" " ind2=" ">
      <subfield code="a">text</subfield>
      <subfield code="b">txt</subfield>
      <subfield code="2">rdacontent</subfield>
    </datafield>
    <datafield tag="337" ind1=" " ind2=" ">
      <subfield code="a">unmediated</subfield>
      <subfield code="b">n</subfield>
      <subfield code="2">rdamedia</subfield>
    </datafield>
    <datafield tag="338" ind1=" " ind2=" ">
      <subfield code="a">sheet</subfield>
      <subfield code="b">nb</subfield>
      <subfield code="2">rdacarrier</subfield>
    </datafield>
    <datafield tag="340" ind1=" " ind2=" ">
      <subfield code="a">Paper</subfield>
    </datafield>
    <datafield tag="500" ind1=" " ind2=" ">
      <subfield code="a">Title derived from: P.A. Tiele, Catalogus codicum manu scriptorum Bibliothecae Universitatis Rheno-Trajectinae.</subfield>
    </datafield>
    <datafield tag="505" ind1="0" ind2=" ">
      <subfield code="a">1. Huwelijksvoorwaarden van Valentyn vander Voort en Claesken van Voorst, gedateerd 25 sept. 1587. Gecollationeerd afschrift van 1603 (1 folded leaf) -- 2. Brief van Everhard van Voorst aan zijn zuster Claesken van Buchel [=Claesken van Voorst, hertrouwd met Arent van Buchel], Delft, 23 nov. 1597 (1 folded leaf) -- 3. Acte betreffende aankoop van land onder Bunschoten door Geertruyt van Voorst, huisvrouw van Dr. Evert Vorstius te Delft, 1598. Gecollationeerd handschrift. (1 volume (8 unnumbered pages)). Pages 1-2 contain some autobiographical notes by Arend van Buchell up to 1638 in Latin -- 4. Machtiging van Arent van Buchel om gemeld land onder Bunschoten namens Evert Vorstius over te dragen etc., 1598 (1 leaf) -- 5-6. Brieven van de executeurs van het testament van Hubrecht van Buchel aan Arent van Buchel te Keulen, gedateerd 6 sept. en 8 okt. 1599 (2 folded leaves) -- Machtigingen aan Arent van Buchel om lijfrenten te innen voor Arnoldus van Siegen en zijn erfgenaam Tilmannus Gymnick genaamd Maubach te Keulen, gedateerd 1602 en 1607. Met een brief van Tilmannus Gymnick aan Arent van Buchel, gedateerd 15 juli1607. (no. 7: 1 folded leaf; no 8: 1 folded leaf, no. 9 inserted) -- 10. Brief van Vincent du Trieulx aan zijn neef Arent van Buchel betreffende pachtsommen (1 folded leaf) -- 11. Kwitantie van Cornelis de Goyer aan Arent van Buchel als "Raet van de O.I. Comp. (1 leaf) -- 12. Brief van Adolfus Vorstius aan zijn oom Arent van Buchel omtrent verkoop van land etc., 6 nov. 1621. (1 folded leaf).</subfield>
    </datafield>
    <datafield tag="520" ind1="2" ind2=" ">
      <subfield code="a">Collection of documents concerning Arend van Buchell and some members of his family.</subfield>
    </datafield>
    <datafield tag="524" ind1="8" ind2=" ">
      <subfield code="a">Cite as: Universiteitsbibliotheek Utrecht Hs. 1324 (Hs 6 F 11).</subfield>
    </datafield>
    <datafield tag="541" ind1=" " ind2=" ">
      <subfield code="c">Conveyance;</subfield>
      <subfield code="a">Utrechts Archief;</subfield>
      <subfield code="d">18810510.</subfield>
    </datafield>
    <datafield tag="546" ind1=" " ind2=" ">
      <subfield code="a">No. 7-9 in Latin.</subfield>
    </datafield>
    <datafield tag="581" ind1=" " ind2=" ">
      <subfield code="a">P.A. Tiele, Catalogus codicum manu scriptorum Bibliothecae Universitatis Rheno-Trajectinae. I. Trajecti ad Rhenum / Hagae Comitis 1887. P. 314-315.</subfield>
    </datafield>
    <datafield tag="581" ind1=" " ind2=" ">
      <subfield code="a">V. Andreas, Bibliotheca Belgica. Ed. renovata, &amp; tertia parte auctior. Leuven 1643. p. 78-79 (tekstuitgave nr. 3).</subfield>
    </datafield>
    <datafield tag="581" ind1=" " ind2=" ">
      <subfield code="a">A. Buchelius, 'Autobiographie van Arnoldus Buchellius', in: De navorscher 46 (= n.s. 29) (1896), p. 418-420. p. 418-420 (tekstuitgave van nr. 3).</subfield>
    </datafield>
    <datafield tag="581" ind1=" " ind2=" ">
      <subfield code="a">J. Pollmann, Een andere weg naar God. De reformatie van Arnoldus Buchelius (1565-1641). Amsterdam 2000 (ook verschenen als proefschrift UvA: Another road to God, [s.n] 1998, ook verschenen als: Religious choice in the Dutch Republic. The reformation of Arnoldus Buchelius (1565-1641), Manchester 1999). p. 31 nt. 84, 91 nt. 126.</subfield>
    </datafield>
    <datafield tag="581" ind1=" " ind2=" ">
      <subfield code="a">J. Staal, 'Over de natuurkunde des geheel- als. Afwijkende getallen in Hs.-U', in: W-mail, 3 (2002) 2 (kopie).</subfield>
    </datafield>
    <datafield tag="600" ind1="3" ind2="4">
      <subfield code="a">Van Buchell family.</subfield>
    </datafield>
    <datafield tag="710" ind1="2" ind2=" ">
      <subfield code="a">Utrechts Archief,</subfield>
      <subfield code="e">former owner.</subfield>
      <subfield code="4">fmo</subfield>
      <subfield code="1">https://id.oclc.org/worldcat/entity/E39QQPVp7WprXvJp94kFj8Cq6g</subfield>
    </datafield>
    <datafield tag="710" ind1="2" ind2=" ">
      <subfield code="a">Universiteit Utrecht.</subfield>
      <subfield code="b">Bibliotheek.</subfield>
      <subfield code="k">Manuscript</subfield>
      <subfield code="n">(Hs. 1324 (Hs 6 F 11th))</subfield>
    </datafield>
    <datafield tag="758" ind1=" " ind2=" ">
      <subfield code="i">has work:</subfield>
      <subfield code="a">Stukken betreffende Arent van Buchel (Arn. Buchelius) en leden zijner familie UBU Hs. 1324 (Hs 6 F 11) (Text)</subfield>
      <subfield code="1">https://id.oclc.org/worldcat/entity/E39PCG37khQWxqrwR6pYhDpTf3</subfield>
      <subfield code="4">https://id.oclc.org/worldcat/ontology/hasWork</subfield>
    </datafield>
  </record>